00496nam a22001577a 450000500170000001000150001702000260003203500130005803700130007108200130008410000280009724501070012526000360023227000500026830000200031820130514115944.0 aENG-107099 a9789381090343c500.00 aEN-90632 bDBAD/PUB a330.0954 aShreenarayan Balkrishna10aCurrent issues on education, economics commerce, agriculture and general /cby Shreenarayan Balkrishna aHaryanabShanti Prakashanc2012 a1780, Sector-1, Delhi By-passbRohtake124001 a337p.c22cm(Hb)